Normal view
MARC view
Entry Personal Name
001 - CONTROL NUMBER
- control field: 66274
003 - CONTROL NUMBER IDENTIFIER
- control field: dpl
005 - DATE AND TIME OF LATEST TRANSACTION
- control field: 20240516113943.0
008 - FIXED-LENGTH DATA ELEMENTS
- fixed length control field: 240516|| aca||aabn | a|a d
040 ## - CATALOGING SOURCE
- Original cataloging agency: dpl
- Transcribing agency: dpl
100 ## - HEADING--PERSONAL NAME
- Personal name: आर्य, राकेश कुमार
670 ## - SOURCE DATA FOUND
- Source citation: Work cat.: (dpl)202608: आर्य, राकेश कुमार, मेवाड़ के महारणा और उनकी गौरव गाथा/, 2023
